00631nam a2200157 i 450000100060000000300090000600500170001500700030003200800410003510000280007624500940010426000910019830000280028950001220031785200340043967908ES-MaACL20230906170153.0t|040216s1947 fr ||||1| fre d1 aGallego Díaz, José.13aUn Príncipe de la moindre action en économie politique / cpar José Gallego Díaz. a[S.l.] : bLes Editions de la Revue Scientifique, c1947 (eParis : fGautier-Villars) aP. [597]-600 ; c32 cm. aEs separata de: Revue Scientifique. Nos. 3247-3275-1er. et. 15 juin 1947-fasc. 10 de la 85 anuñee. págs. 597-600. aES-MaACLj1869-F-18 bR.24353